| 000 | 01000nas a2200337 4500 | ||
|---|---|---|---|
| 001 | BR2015000918 | ||
| 003 | BR-BrBNA | ||
| 005 | 20231205125021.0 | ||
| 007 | ta | ||
| 008 | 230509b bl.|||p| |||| 00| 00por d | ||
| 040 |
_aBR-BrBNA _bpor _cBiblioteca Nacional de Agricultura |
||
| 041 | _a(En) | ||
| 072 | _aF30 | ||
| 100 | 1 | _aBalbuena, T.S. | |
| 100 | 1 | _aDias, L.L.C. | |
| 100 | 1 | _aMartins, M.L.B. | |
| 100 | 1 | _aChiquieri, T.B. | |
| 100 | 1 | _aSanta-Catarina, C. | |
| 100 | 1 | _aFloh, E.I.S. | |
| 100 | 1 | _aSilveira, V. | |
| 245 | 1 | _aChallenges in proteome analyses of tropical plants | |
| 650 | _aFLORA TROPICAL | ||
| 650 | _aESPECTROMETRIA | ||
| 650 | _aGENOMA | ||
| 650 | _aBIOLOGIA MOLECULAR | ||
| 650 | _aBIOTECNOLOGIA | ||
| 773 | 0 |
_tBrazilian Journal of Plant Physiology (Brazil) _xISSN 1677-0420 _g(2011), v. 23(2) p. 91-104 _wBR2015000918 |
|
| 856 | 4 | 0 | _uhttp://www.scielo.br/pdf/bjpp/v23n2/a01v23n2.pdf |
| 909 |
_a202311 _bLúcia _c55 _dLúcia Elande |
||
| 942 |
_2AGRIS _n0 _cANA |
||
| 999 |
_c242154 _d242154 |
||